000 00323nam a2200109Ia 4500
008 171211s9999 xx 000 0 und d
245 _aRhetorical Style: The Uses of Language in Persuasion
245 _cJeanne Fahnestock
260 _c2011
650 _xLANGUAGES
856 _uhttp://down.ebook777.com/025/9780199764112.pdf
999 _c349738
_d349738